Normal view
MARC view
- REFERENCE BOOKS REFERENCE SERVICES LIBRARIES
Entry Topical Term
001 - CONTROL NUMBER
- control field: 77781
003 - CONTROL NUMBER IDENTIFIER
- control field: NUST
005 - DATE AND TIME OF LATEST TRANSACTION
- control field: 20210628210011.0
008 - FIXED-LENGTH DATA ELEMENTS
- fixed length control field: 210628|| aca||aabn | a|a d
040 ## - CATALOGING SOURCE
- Original cataloging agency: NUST
- Transcribing agency: NUST
150 ## - HEADING--TOPICAL TERM
- Topical term or geographic name entry element: REFERENCE BOOKS REFERENCE SERVICES LIBRARIES
670 ## - SOURCE DATA FOUND
- Source citation: Work cat.: (NUST): KATZ, WILLIAM 77780, INTRODUCTION TO REFERENCE WORK REFERENCE SERVICES AND REFERNCE PROCESSES, 1974
